000 00378 a2200169 4500
001 49067
020 _a85-7056-588-7
040 _cAnchieta - Bela Vista
100 _aLadeira, Julieta de Godoy
240 1 0 _aO jogo de não jogar
_lpor
245 1 0 _aO jogo de não jogar
300 _a51
362 0 _a1994
440 1 _aAtual
650 4 _aLiteratura juvenil
942 _cBK
999 _c49067
_d49067